NLSUI OPAC header image

Representing tribe : (Record no. 32355)

MARC details
000 -LEADER
fixed length control field 00793cam a2200217 a 4500
001 - CONTROL NUMBER
control field 16636862
005 - DATE AND TIME OF LATEST TRANSACTION
control field 20260211121714.0
008 - FIXED-LENGTH DATA ELEMENTS--GENERAL INFORMATION
fixed length control field 101112s2011 ii ab b 001 0 eng
020 ## - INTERNATIONAL STANDARD BOOK NUMBER
International Standard Book Number 9788180697531 (hbk)
020 ## - INTERNATIONAL STANDARD BOOK NUMBER
International Standard Book Number 8180697533
082 04 - DEWEY DECIMAL CLASSIFICATION NUMBER
Classification number 305.89595 SEN
100 1# - MAIN ENTRY--PERSONAL NAME
Personal name Sen, Asoka Kumar.
245 10 - TITLE STATEMENT
Title Representing tribe :
Remainder of title the Ho of Singhbhum under colonial rule /
Statement of responsibility, etc. Asoka Kumar Sen.
260 ## - PUBLICATION, DISTRIBUTION, ETC.
Place of publication, distribution, etc. New Delhi :
Name of publisher, distributor, etc. Concept Pub. Co.,
Date of publication, distribution, etc. 2011.
300 ## - PHYSICAL DESCRIPTION
Extent xiv, 157 p. :
Other physical details ill. :
Dimensions 23 cm.
504 ## - BIBLIOGRAPHY, ETC. NOTE
Bibliography, etc. note Includes bibliographical references (p. [143]-153) and index.
650 #0 - SUBJECT ADDED ENTRY--TOPICAL TERM
Topical term or geographic name entry element Ho (Indic people)
General subdivision Government policy
Geographic subdivision India
-- Singhbhūm.
650 #0 - SUBJECT ADDED ENTRY--TOPICAL TERM
Topical term or geographic name entry element Ho (Indic people)
Geographic subdivision India
-- Singhbhūm
General subdivision Social conditions.
650 #0 - SUBJECT ADDED ENTRY--TOPICAL TERM
Topical term or geographic name entry element India
Geographic subdivision History
-- British occupation, 1765-1947
942 ## - ADDED ENTRY ELEMENTS (KOHA)
Source of classification or shelving scheme Dewey Decimal Classification
Koha item type BOOKs
Holdings
Withdrawn status Lost status Damaged status Not for loan Home library Current library Shelving location Date acquired Cost, normal purchase price Total Checkouts Full call number Barcode Date last seen Price effective from Koha item type
        . .   30.05.2017 400.00   305.89595 SEN 29316 30.05.2017 30.05.2017 BOOKs